Fútbol Argentino - El mejor XI de cada club 2010-2023 - Estadísticas

Estadísticas generales
  • Esta prueba ha sido intentada 197 veces
  • La puntuación promedio es 74 de 352
Estadísticas de respuestas
Equipo Hint Respuesta % Correcto
River Plate Arquero Franco Armani
83%
River Plate Entrenador Marcelo Gallardo
75%
Boca Juniors Arquero Agustín Rossi
74%
River Plate Delantero Lucas Pratto
74%
Vélez Sarsfield Delantero Lucas Pratto
74%
Boca Juniors Delantero Darío Benedetto
71%
River Plate Volante Enzo Pérez
66%
River Plate Defensor Gonzalo Montiel
66%
Boca Juniors Entrenador Guillermo Barros Schelotto
66%
River Plate Defensor Jonatan Maidana
65%
Boca Juniors Defensor Frank Fabra
64%
Godoy Cruz Volante Juan Andrada
64%
River Plate Defensor Milton Casco
63%
Newell's Old Boys Defensor Milton Casco
63%
Boca Juniors Delantero Suplente Carlos Tévez
61%
River Plate Defensor Javier Pinola
61%
River Plate Volante Gonzalo Martínez
60%
Huracán Volante Gonzalo Martínez
60%
San Lorenzo Volante Néstor Ortigoza
60%
Rosario Central Volante Néstor Ortigoza
60%
Estudiantes LP Entrenador Eduardo Domínguez
57%
Huracán Defensor Eduardo Domínguez
57%
Colón Entrenador Eduardo Domínguez
57%
Independiente Arquero Martín Campaña
57%
Boca Juniors Delantero Cristian Pavón
56%
Vélez Sarsfield Defensor Sebastián Domínguez
56%
San Lorenzo Arquero Sebastián Torrico
56%
Independiente Entrenador Ariel Holan
55%
Belgrano Defensor Cristian Romero
55%
Independiente Defensor Nicolás Tagliafico
55%
Boca Juniors Volante Wilmar Barrios
55%
San Lorenzo Defensor Julio Buffarini
54%
Huracán Delantero Ramón Ábila
54%
San Lorenzo Entrenador Edgardo Bauza
53%
Rosario Central Entrenador Edgardo Bauza
53%
Defensa y Justicia Defensor Fernando Meza
53%
Independiente Volante Maximiliano Meza
53%
Independiente Volante Esequiel Barco
52%
Newell's Old Boys Delantero Ignacio Scocco
52%
Boca Juniors Volante Nahitán Nández
51%
San Lorenzo Defensor Emmanuel Mas
50%
River Plate Volante Leonardo Ponzio
50%
Estudiantes LP Arquero Mariano Andújar
50%
Boca Juniors Volante Pablo Pérez
50%
Newell's Old Boys Volante Pablo Pérez
50%
Banfield Delantero Suplente Juan Álvarez
49%
Racing Club Volante Ricardo Centurión
48%
Racing Club Delantero Diego Milito
47%
Independiente Defensor Fabricio Bustos
47%
Vélez Sarsfield Volante Fernando Gago
47%
Argentinos Juniors Entrenador Gabriel Milito
47%
Lanús Delantero José Sand
47%
Gimnasia LP Delantero Santiago Silva
47%
Talleres Delantero Suplente Nahuel Bustos
46%
Racing Club Arquero Sebastián Saja
46%
Newell's Old Boys Defensor Suplente Víctor López
46%
Independiente Delantero Emmanuel Gigliotti
45%
River Plate Volante Exequiel Palacios
45%
Racing Club Defensor Gastón Díaz
45%
San Lorenzo Volante Leandro Romagnoli
45%
Boca Juniors Defensor Leonardo Jara
45%
Huracán Arquero Marcos Díaz
45%
Racing Club Delantero Gustavo Bou
44%
Defensa y Justicia Delantero Walter Bou
44%
River Plate Arquero Suplente Germán Lux
43%
River Plate Volante Nacho Fernández
43%
Estudiantes LP Volante José Sosa
42%
River Plate Volante Suplente Nicolás de la Cruz
42%
Talleres Volante Ramón Sosa
42%
Vélez Sarsfield Arquero Sebastián Sosa
42%
Lanús Delantero Lautaro Acosta
41%
Boca Juniors Defensor Lisandro Magallán
41%
Defensa y Justicia Volante Enzo Fernández
40%
River Plate Delantero Suplente Rafael Santos Borré
40%
Talleres Arquero Guido Herrera
39%
Lanús Delantero Junior Benítez
39%
Rosario Central Delantero Marco Ruben
39%
San Lorenzo Delantero Mauro Matos
39%
Newell's Old Boys Delantero Maximiliano Rodríguez
39%
Lanús Entrenador Jorge Almirón
38%
San Lorenzo Volante Juan Mercier
38%
River Plate Defensor Suplente Lucas Martínez Quarta
38%
Lanús Volante Miguel Almirón
38%
Boca Juniors Volante Edwin Cardona
37%
Boca Juniors Arquero Suplente Guillermo Sara
37%
Godoy Cruz Defensor Tomás Cardona
37%
Rosario Central Delantero Suplente Germán Herrera
36%
Colón Delantero Luis Miguel Rodríguez
36%
Defensa y Justicia Defensor Marcelo Benítez
36%
Independiente Volante Martín Benítez
36%
Newell's Old Boys Entrenador Gerardo Martino
35%
Estudiantes LP Delantero Guido Carrillo
35%
Racing Club Entrenador Diego Cocca
34%
Independiente Defensor Alan Franco
33%
Talleres Volante Suplente Alan Franco Palma
33%
Racing Club Defensor Suplente Iván Pillud
33%
Newell's Old Boys Arquero Nahuel Guzmán
33%
Estudiantes LP Volante Suplente Santiago Ascacíbar
32%
Racing Club Defensor Luciano Lollo
31%
Banfield Defensor Luciano Lollo
31%
Estudiantes LP Delantero Suplente Mauro Boselli
31%
Boca Juniors Defensor Paolo Goltz
31%
San Lorenzo Delantero Suplente Martín Cauteruccio
29%
San Lorenzo Volante Ignacio Piatti
28%
Lanús Volante Iván Marcone
28%
Arsenal de Sarandí Volante Iván Marcone
28%
Argentinos Juniors Defensor Miguel Torrén
28%
Rosario Central Arquero Jeremías Conan Ledesma
27%
Defensa y Justicia Arquero Suplente Marcos Ledesma
27%
Vélez Sarsfield Defensor Emiliano Papa
26%
Independiente Defensor Suplente Nicolás Figal
26%
San Lorenzo Volante Héctor Villalba
25%
Independiente Volante Nicolás Domingo
25%
Vélez Sarsfield Entrenador Ricardo Gareca
25%
Defensa y Justicia Arquero Ezequiel Unsaín
24%
Vélez Sarsfield Defensor Fabián Cubero
24%
Independiente Defensor Fernando Amorebieta
24%
Boca Juniors Defensor Suplente Santiago Vergini
24%
Newell's Old Boys Defensor Santiago Vergini
24%
Godoy Cruz Delantero Sebastián García
24%
Huracán Volante Diego Toranzo
23%
Newell's Old Boys Defensor Gabriel Heinze
23%
Racing Club Volante Marcos Acuña
23%
Tigre Defensor Matías Pérez Acuña
23%
Tigre Entrenador Néstor Gorosito
23%
Colón Volante Rodrigo Aliendro
23%
Tigre Delantero Suplente Carlos Luna
21%
Unión de Santa Fe Volante Mauro Luna Diale
21%
Defensa y Justicia Entrenador Sebastián Beccacece
21%
Belgrano Defensor Sebastián Luna
21%
Gimnasia LP Arquero Alexis Martín Arias
20%
Estudiantes LP Defensor Eros Mancuso
20%
Racing Club Volante Ezequiel Videla
20%
Belgrano Arquero Juan Carlos Olave
20%
Belgrano Volante Matías Suárez
20%
Newell's Old Boys Volante Diego Mateo
19%
Independiente Volante Diego Rodríguez Berrini
19%
Defensa y Justicia Delantero Suplente Miguel Merentiel
19%
Colón Volante Cristian Bernardi
18%
Talleres Volante Diego Valoyes
18%
Estudiantes LP Volante Fernando Zuqui
18%
Estudiantes LP Defensor Suplente Gastón Benedetti
18%
Vélez Sarsfield Defensor Suplente Gino Peruzzi
18%
Belgrano Defensor José Rojas
18%
Newell's Old Boys Volante Lucas Bernardi
18%
Talleres Defensor Suplente Lucas Suárez
18%
Rosario Central Defensor Matías Caruzzo
18%
Talleres Defensor Matías Catalán
18%
San Lorenzo Defensor Mauro Cetto
18%
Talleres Delantero Michael Santos
18%
San Lorenzo Defensor Santiago Gentiletti
18%
Lanús Arquero Fernando Monetti
17%
Vélez Sarsfield Defensor Fernando Tobio
17%
Unión de Santa Fe Volante Juan Portillo
17%
Talleres Defensor Juan Portillo
17%
Argentinos Juniors Defensor Kevin MacAllister
17%
Colón Arquero Leonardo Burián
17%
Godoy Cruz Arquero Leonardo Burián
17%
Tigre Volante Diego Morales
16%
Arsenal de Sarandí Arquero Cristian Campestrini
15%
Unión de Santa Fe Volante Federico Vera
15%
Arsenal de Sarandí Entrenador Gustavo Alfaro
15%
Unión de Santa Fe Volante Kevin Zenón
15%
Estudiantes LP Defensor Leonardo Godoy
15%
Racing Club Volante Luciano Aued
15%
Gimnasia LP Entrenador Pedro Troglio
15%
Estudiantes LP Volante Benjamín Rollheiser
14%
Defensa y Justicia Delantero Braian Romero
14%
Belgrano Defensor Cristian Lema
14%
Independiente Arquero Suplente Damián Albil
14%
Newell's Old Boys Defensor Marcos Cáceres
14%
Colón Delantero Facundo Farías
13%
Godoy Cruz Volante Guillermo Pol Fernández
13%
Lanús Volante Román Martínez
13%
Newell's Old Boys Delantero Víctor Figueroa
13%
Argentinos Juniors Defensor Carlos Quintana
12%
Belgrano Delantero Suplente César Pereyra
12%
Huracán Volante Cristian Espinoza
12%
Boca Juniors Volante Suplente Emanuel Reynoso
12%
Racing Club Delantero Suplente Gabriel Hauche
12%
Argentinos Juniors Delantero Gabriel Hauche
12%
Banfield Volante Giuliano Galoppo
12%
Lanús Defensor Gustavo Gómez
12%
Godoy Cruz Delantero Suplente Juan Garro
12%
Gimnasia LP Volante Suplente Kevin Gutiérrez
12%
Rosario Central Volante Leonardo Gil
12%
Gimnasia LP Volante Lucas Licht
12%
Lanús Defensor Maximiliano Velázquez
12%
Racing Club Arquero Suplente Nelson Ibáñez
12%
Lanús Arquero Suplente Nelson Ibáñez
12%
Lanús Volante Suplente Nicolás Aguirre
12%
Arsenal de Sarandí Volante Nicolás Aguirre
12%
Colón Defensor Rafael Delgado
12%
Talleres Volante Rodrigo Garro
12%
Tigre Volante Sebastián Prediger
12%
Gimnasia LP Defensor Víctor Ayala
12%
Colón Volante Alexis Castro
11%
Colón Volante Suplente Cristian Ferreira
11%
San Lorenzo Defensor Suplente Fabricio Fontanini
11%
Banfield Entrenador Javier Sanguinetti
11%
Tigre Volante Lucas Janson
11%
Defensa y Justicia Defensor Adonis Frías
10%
Talleres Volante Diego Ortegoza
10%
Argentinos Juniors Delantero Gabriel Ávalos
10%
Vélez Sarsfield Arquero Suplente Germán Montoya
10%
Belgrano Arquero Suplente Germán Montoya
10%
Tigre Arquero Gonzalo Marinelli
10%
Belgrano Volante Jorge Luis Velázquez
10%
Independiente Delantero Suplente Lucas Albertengo
10%
Talleres Volante Rodrigo Villagra
10%
Lanús Defensor Diego Braghieri
9%
Arsenal de Sarandí Defensor Diego Braghieri
9%
San Lorenzo Volante Suplente Enzo Kalinski
9%
Gimnasia LP Volante Fabián Rinaudo
9%
Vélez Sarsfield Delantero Facundo Ferreyra
9%
Colón Defensor Facundo Mura
9%
Vélez Sarsfield Volante Federico Insúa
9%
Colón Volante Federico Lértora
9%
Belgrano Volante Federico Lértora
9%
Rosario Central Volante Francisco Carrizo
9%
Defensa y Justicia Volante Francisco Pizzini
9%
Gimnasia LP Delantero Suplente Jan Hurtado
9%
Independiente Volante Suplente Juan Sánchez Miño
9%
Racing Club Defensor Leandro Grimi
9%
Unión de Santa Fe Arquero Santiago Mele
9%
Racing Club Defensor Yonathan Cabral
9%
Estudiantes LP Defensor Zaid Romero
9%
Huracán Defensor Carlos Arano
8%
Colón Defensor Facundo Garcés
8%
Huracán Defensor Federico Mancinelli
8%
Colón Defensor Gonzalo Piovi
8%
Banfield Arquero Iván Arboleda
8%
Lanús Defensor José Luis Gómez
8%
Argentinos Juniors Arquero Lucas Chaves
8%
Banfield Volante Martín Payero
8%
Huracán Entrenador Néstor Apuzzo
8%
Estudiantes LP Defensor Santiago Núñez
8%
Rosario Central Volante Washington Camacho
8%
Banfield Delantero Agustín Fontana
7%
Rosario Central Defensor Alfonso Parot
7%
Unión de Santa Fe Defensor Claudio Corvalán
7%
Godoy Cruz Entrenador Diego Dabove
7%
Rosario Central Delantero Fernando Zampedri
7%
Talleres Defensor Gastón Benavídez
7%
Unión de Santa Fe Entrenador Gustavo Munúa
7%
Talleres Entrenador Javier Gandolfi
7%
Estudiantes LP Volante Jorge Rodríguez
7%
Banfield Volante Jorge Rodríguez
7%
Unión de Santa Fe Volante Suplente Juan Ignacio Nardoni
7%
Arsenal de Sarandí Defensor Mariano Echeverría
7%
Belgrano Volante Suplente Mario Bolatti
7%
Newell's Old Boys Delantero Suplente Martín Tonso
7%
Newell's Old Boys Arquero Suplente Sebastián Peratta
7%
Arsenal de Sarandí Delantero Suplente Emilio Zelaya
6%
Argentinos Juniors Defensor Suplente Fabrizio Angileri
6%
Godoy Cruz Defensor Fabrizio Angileri
6%
Arsenal de Sarandí Defensor Hugo Nervo
6%
Colón Arquero Suplente Ignacio Chicco
6%
Banfield Volante Suplente Jesús Dátolo
6%
Godoy Cruz Defensor Luciano Abecasis
6%
Tigre Defensor Nicolás Colazo
6%
Lanús Defensor Suplente Nicolás Pasquini
6%
Godoy Cruz Arquero Suplente Roberto Ramírez
6%
Huracán Volante Suplente Alejandro Romero Gamarra
5%
Banfield Arquero Suplente Facundo Altamirano
5%
Huracán Volante Federico Vismara
5%
Argentinos Juniors Volante Franco Moyano
5%
Rosario Central Defensor Gonzalo Bettini
5%
Belgrano Volante Guillermo Farré
5%
Tigre Volante Lucas Menossi
5%
Rosario Central Defensor Suplente Marcelo Ortiz
5%
Gimnasia LP Arquero Suplente Sebastián Moyano
5%
Unión de Santa Fe Arquero Suplente Sebastián Moyano
5%
Tigre Volante Walter Montillo
5%
Arsenal de Sarandí Defensor Damián Pérez
4%
Unión de Santa Fe Defensor Diego Polenta
4%
Banfield Defensor Emanuel Coronel
4%
Estudiantes LP Arquero Suplente Fabricio Iacovich
4%
Argentinos Juniors Arquero Suplente Federico Lanzilotta
4%
Unión de Santa Fe Defensor Franco Calderón
4%
Estudiantes LP Volante Franco Zapiola
4%
Argentinos Juniors Volante Suplente Gabriel Carabajal
4%
Colón Defensor Suplente Gonzalo Escobar
4%
Godoy Cruz Volante Jalil Elías
4%
Unión de Santa Fe Delantero Jonathan Álvez
4%
Unión de Santa Fe Defensor Suplente Lucas Esquivel
4%
Vélez Sarsfield Volante Suplente Lucas Romero
4%
Argentinos Juniors Delantero Suplente Marcelo Cabrera
4%
Rosario Central Arquero Suplente Marcelo Miño
4%
Unión de Santa Fe Delantero Suplente Mariano Peralta Bauer
4%
Banfield Volante Mauricio Cuero
4%
Gimnasia LP Defensor Suplente Maximiliano Coronel
4%
Rosario Central Defensor Óscar Cabezas
4%
Lanús Delantero Suplente Pablo Mouche
4%
Newell's Old Boys Volante Suplente Rinaldo Cruzado
4%
Talleres Arquero Suplente Alan Aguerre
3%
Defensa y Justicia Volante Carlos Rotondi
3%
Defensa y Justicia Defensor Suplente Emanuel Brítez
3%
Unión de Santa Fe Defensor Emanuel Brítez
3%
Belgrano Entrenador Esteban González
3%
Tigre Delantero Federico González
3%
Vélez Sarsfield Volante Franco Razzoti
3%
Arsenal de Sarandí Delantero Julio Furch
3%
Racing Club Volante Suplente Nelson Acevedo
3%
Colón Delantero Suplente Wilson Morelo
3%
Banfield Defensor Alexis Maldonado
2%
Banfield Defensor Claudio Bravo
2%
Vélez Sarsfield Volante Iván Bella
2%
Argentinos Juniors Volante Jonathan Sandoval
2%
Tigre Volante Suplente Juan Ignacio Cavallaro
2%
Arsenal de Sarandí Volante Suplente Martín Rolle
2%
Defensa y Justicia Volante Raúl Loaiza
2%
Huracán Delantero Suplente Agustín Torassa
1%
Godoy Cruz Volante Ángel González
1%
Belgrano Delantero Claudio Bieler
1%
Godoy Cruz Defensor Suplente Cristian Báez
1%
Godoy Cruz Defensor Diego Viera
1%
Arsenal de Sarandí Defensor Suplente Eduardo Casais
1%
Argentinos Juniors Defensor Elías Gómez
1%
Unión de Santa Fe Volante Enzo Roldán
1%
Vélez Sarsfield Delantero Suplente Ezequiel Rescaldani
1%
Banfield Volante Fabián Bordagaray
1%
Godoy Cruz Volante Suplente Fabián Henríquez
1%
Arsenal de Sarandí Volante Fausto Montero
1%
Argentinos Juniors Delantero Gabriel Florentín
1%
Tigre Defensor Gerardo Alcoba
1%
Huracán Defensor Suplente Guillermo Sotelo
1%
Gimnasia LP Delantero Horacio Tijanovich
1%
Argentinos Juniors Volante Jonathan Gómez
1%
Arsenal de Sarandí Volante Jonathan Gómez
1%
Talleres Defensor Juan Rodríguez
1%
Gimnasia LP Volante Lorenzo Faravelli
1%
Huracán Volante Lucas Villarruel
1%
Banfield Defensor Suplente Luciano Gómez
1%
Gimnasia LP Defensor Manuel Guanini
1%
Huracán Arquero Suplente Matías Giordano
1%
Gimnasia LP Defensor Matías Melluso
1%
Gimnasia LP Delantero Maximiliano Comba
1%
Rosario Central Volante Suplente Maximiliano Lovera
1%
Tigre Defensor Néstor Moiraghi
1%
Huracán Defensor Rodrigo Erramuspe
1%
San Lorenzo Arquero Suplente Cristian Álvarez Azad
0%
Arsenal de Sarandí Arquero Suplente Emiliano Olivero
0%
Belgrano Defensor Suplente Esteban Espíndola
0%
Tigre Arquero Suplente Gastón Guruceaga
0%
Gimnasia LP Defensor Germán Guiffrey
0%
Tigre Defensor Suplente Ignacio Canuto
0%
Defensa y Justicia Volante Suplente Lautaro Escalante
0%
Defensa y Justicia Defensor Matías Rodríguez
0%
Arsenal de Sarandí Volante Matías Zaldivia
0%
Belgrano Volante Nahuel Luján
0%
Godoy Cruz Delantero Victorio Ramis
0%
No se encontraron pruebas coincidentes
Distribución de puntuación
Porcentaje de gente con cada puntuación
Porcentaje por número respondido
Historial de tus puntuaciones
No has intentado esta prueba.